000 00584nam a2200193Ia 4500
008 240729s9999 xx 000 0 und d
022 _a2394-2061
245 0 _aOpen Journal of Psychiatry and Allied Sciences
260 _aIndia
260 _bAcademy Publisher
650 _a Internal medicine
650 _a Neurology. Diseases of the nervous system
650 _a Neurosciences. Biological psychiatry. Neuropsychiatry
650 _a Psychiatry
650 _aMedicine
856 _uhttps://doaj.org/toc/686ff7207b094b319a2cfeef62cf263b
942 _2ddc
942 _cDOAJEJ
999 _c65758
_d65758
945 _a1
_bMadushi Gamage
_c1
_dMadushi Gamage